[Event "Chinese League"]
[Site "Chengdu CHN"]
[Date "2011.05.27"]
[EventDate "2011.04.12"]
[Round "5"]
[Result "0-1"]
[White "Li Haoyu"]
[Black "Ding Liren"]
[WhiteElo "2386"]
[BlackElo "2637"]
[PlyCount "86"]

1. e4 c5 2. c3 Nf6 3. e5 Nd5 4. d4 cxd4 5. Nf3 d6 6. cxd4 Nc6
7. Bc4 Nb6 8. Bb5 dxe5 9. Nxe5 Bd7 10. Nxd7 Qxd7 11. Nc3 e6
12. O-O Be7 13. Qg4 O-O 14. Rd1 f5 15. Qf3 a6 16. Bxc6 Qxc6
17. Qxc6 bxc6 18. Bf4 Rfc8 19. f3 Kf7 20. Rac1 a5 21. Bg3 a4
22. Rc2 g5 23. Re2 Bb4 24. Rde1 a3 25. Rc1 axb2 26. Rxb2 Ba3
27. Rxb6 Bxc1 28. Rb7+ Kg8 29. Be5 Bd2 30. Ne2 Rxa2 31. Ng3
Rca8 32. h4 R2a7 33. Rb6 gxh4 34. Nh5 Rc8 35. Ng3 Rca8 36. Nh5
Rc8 37. Kh2 Kf7 38. Kh3 Kg6 39. Kh2 Kf7 40. Kh3 Kg6 41. g4
hxg3 42. Nxg3 Ba5 43. Rb1 Bc7 0-1

[Event "Chinese League"]
[Site "Chengdu CHN"]
[Date "2011.05.28"]
[EventDate "2011.04.12"]
[Round "6"]
[Result "1/2-1/2"]
[White "Ding Liren"]
[Black "Ni Hua"]
[WhiteElo "2637"]
[BlackElo "2646"]
[PlyCount "109"]

1. d4 d5 2. c4 c6 3. Nf3 Nf6 4. Nc3 dxc4 5. a4 Bf5 6. Ne5 Nbd7
7. Nxc4 Qc7 8. g3 e5 9. dxe5 Nxe5 10. Bf4 Nfd7 11. Bg2 g5
12. Ne3 gxf4 13. Nxf5 O-O-O 14. Qc2 fxg3 15. hxg3 Kb8
16. O-O-O Bb4 17. Kb1 Qb6 18. Na2 Nf6 19. Nxb4 Qxb4 20. Qc3
Qxc3 21. bxc3 Rhe8 22. Rxd8+ Rxd8 23. Kc2 Kc7 24. Ne3 h5
25. Bf3 Rh8 26. Ng2 Ng6 27. Nh4 a5 28. Nxg6 fxg6 29. g4 Kd6
30. gxh5 gxh5 31. Rh4 Ke5 32. Kd2 Kf5 33. Ke1 Kg5 34. Rc4 h4
35. Kf1 Nd7 36. Re4 Kf6 37. Bg4 h3 38. Kg1 Ne5 39. Rf4+ Ke7
40. Bf5 Rf8 41. Kh2 b5 42. Kxh3 bxa4 43. Re4 Rxf5 44. f4 Kd6
45. fxe5+ Rxe5 46. Rxa4 Rxe2 47. Rxa5 Re3+ 48. Kg4 Rxc3
49. Kf4 Rd3 50. Ke4 Rd1 51. Ra2 Kc5 52. Rc2+ Kb6 53. Rb2+ Kc7
54. Ke3 c5 55. Rd2 1/2-1/2

[Event "Chinese League"]
[Site "Shenzhen CHN"]
[Date "2011.07.10"]
[EventDate "2011.04.12"]
[Round "8"]
[Result "1/2-1/2"]
[White "Ding Liren"]
[Black "Gao Rui"]
[WhiteElo "2637"]
[BlackElo "2435"]
[PlyCount "117"]

1. d4 Nf6 2. c4 e6 3. Nf3 c5 4. d5 d6 5. Nc3 g6 6. e4 exd5
7. exd5 Bg4 8. Qe2+ Qe7 9. Qxe7+ Bxe7 10. Nd2 O-O 11. Bd3 Na6
12. O-O Rfe8 13. f3 Bd7 14. a3 Nh5 15. f4 f5 16. Nf3 Bf6
17. g3 Nc7 18. a4 Na6 19. Nb5 Bxb5 20. axb5 Nb4 21. Bb1 a6
22. bxa6 bxa6 23. Kf2 Re7 24. Re1 Rae8 25. Rxe7 Rxe7 26. Ra3
Rb7 27. h3 Ng7 28. Kf1 Nh5 29. Ng5 Re7 30. g4 Bxg5 31. fxg5
fxg4 32. hxg4 Rf7+ 33. Kg1 Ng7 34. Kg2 Ne8 35. Re3 Kf8 36. Re1
Re7 37. Be3 a5 38. Kf3 Rf7+ 39. Bf4 Re7 40. Be3 Rf7+ 41. Bf4
Re7 42. Rh1 Rb7 43. Be4 Na2 44. Rh2 Rb3+ 45. Be3 Rb7 46. Bb1
Nc3 47. Bd3 Na4 48. Bc1 Rf7+ 49. Ke2 Rb7 50. Kd1 Nb6 51. Bd2
Na4 52. Bc1 Nb6 53. Kc2 Rf7 54. Bd2 a4 55. Bc3 Nd7 56. Kd2 Nc7
57. Re2 Rf4 58. Re4 Nb6 59. Ba5 1/2-1/2

[Event "World Chess Team Championship"]
[Site "Ningbo CHN"]
[Date "2011.07.18"]
[EventDate "2011.07.17"]
[Round "2"]
[Result "1-0"]
[White "Ding Liren"]
[Black "Alexander Areshchenko"]
[WhiteElo "2654"]
[BlackElo "2682"]
[PlyCount "55"]

1. d4 Nf6 2. c4 g6 3. f3 Nc6 4. d5 Ne5 5. e4 d6 6. Nc3 Bg7
7. f4 Ned7 8. Nh3 O-O 9. Be2 Nc5 10. Nf2 Re8 11. O-O e5 12. f5
gxf5 13. exf5 Bxf5 14. Ng4 Bxg4 15. Bxg4 Nxg4 16. Qxg4 Qd7
17. Rf5 e4 18. Bh6 f6 19. b4 Na6 20. Bxg7 Qxg7 21. Qf4 Nxb4
22. Nxe4 Kh8 23. Rf1 Nd3 24. Qh4 Re5 25. R5f3 f5 26. Nf6 Nc5
27. Rh3 Re7 28. Nxh7 1-0

[Event "World Chess Team Championship"]
[Site "Ningbo CHN"]
[Date "2011.07.19"]
[EventDate "2011.07.17"]
[Round "3"]
[Result "1-0"]
[White "Tamir Nabaty"]
[Black "Ding Liren"]
[WhiteElo "2584"]
[BlackElo "2654"]
[PlyCount "111"]

1. e4 e6 2. d4 d5 3. Nc3 Nf6 4. e5 Nfd7 5. f4 c5 6. Nf3 Nc6
7. Be3 a6 8. Qd2 b5 9. dxc5 Bxc5 10. Bd3 Qb6 11. Bf2 b4
12. Na4 Bxf2+ 13. Qxf2 Qxf2+ 14. Kxf2 O-O 15. Rhe1 a5 16. c4
bxc3 17. bxc3 Ba6 18. Bxa6 Rxa6 19. Rab1 Ra7 20. Rb5 Rc8
21. Reb1 Rac7 22. Rb7 Kf8 23. Ke3 Nd8 24. Rxc7 Rxc7 25. Nd2 g5
26. g3 gxf4+ 27. gxf4 Nc5 28. Nxc5 Rxc5 29. Kd3 Nc6 30. a4 Ne7
31. Rb8+ Rc8 32. Rxc8+ Nxc8 33. c4 Nb6 34. cxd5 Nxd5 35. Kc4
Kg7 36. Nb3 Nxf4 37. Nxa5 Nd5 38. Nc6 f6 39. a5 fxe5 40. a6
Nc7 41. a7 Kf6 42. Kc5 Na8 43. Kd6 e4 44. Ne5 Kf5 45. Nc4 Kf6
46. Kd7 h6 47. h3 e5 48. Kd6 Kf7 49. Kd7 Kf6 50. h4 h5 51. Ne3
Kf7 52. Nd5 Kf8 53. Kc6 e3 54. Nxe3 Ke7 55. Nd5+ Kd8 56. Kb7
1-0

[Event "World Chess Team Championship"]
[Site "Ningbo CHN"]
[Date "2011.07.23"]
[EventDate "2011.07.17"]
[Round "6"]
[Result "1-0"]
[White "Ding Liren"]
[Black "Mohamed Ezat"]
[WhiteElo "2654"]
[BlackElo "2430"]
[PlyCount "65"]

1. d4 Nf6 2. c4 g6 3. Nc3 Bg7 4. e4 d6 5. Nf3 O-O 6. h3 c5
7. d5 a6 8. a4 e6 9. Bd3 exd5 10. cxd5 Nbd7 11. O-O b6 12. Bf4
Qe7 13. Qd2 Ne8 14. Rab1 Ne5 15. Nxe5 dxe5 16. Bg5 f6 17. Be3
Nd6 18. b4 c4 19. Bc2 b5 20. f4 f5 21. Rbe1 Bd7 22. Bc5 Rae8
23. exf5 gxf5 24. axb5 axb5 25. fxe5 Bxe5 26. Rxe5 Qxe5
27. Qg5+ Kh8 28. Qh4 Qg7 29. Bd4 Re5 30. Rf3 Rfe8 31. Rg3 Qe7
32. Qh6 Bc8 33. Rg6 1-0

[Event "World Chess Team Championship"]
[Site "Ningbo CHN"]
[Date "2011.07.25"]
[EventDate "2011.07.17"]
[Round "8"]
[Result "1/2-1/2"]
[White "Parimarjan Negi"]
[Black "Ding Liren"]
[WhiteElo "2642"]
[BlackElo "2654"]
[PlyCount "82"]

1. e4 c5 2. Nf3 e6 3. d4 cxd4 4. Nxd4 a6 5. Bd3 Bc5 6. Nb3 Ba7
7. O-O Nc6 8. Qg4 Nf6 9. Qg3 d6 10. Nc3 b5 11. Qxg7 Rg8
12. Qh6 Ne5 13. Qh3 Bb7 14. Be3 b4 15. Ne2 Nxe4 16. Bxe4 Bxe4
17. Ng3 Bxc2 18. Bxa7 Rxa7 19. Nd4 Bd3 20. Rfe1 Qg5 21. Nxe6
Qg4 22. Qxg4 Rxg4 23. Nc5 Bg6 24. h3 Rd4 25. Nb3 Rc4 26. Rad1
Re7 27. Nd2 Rd4 28. Nde4 Nd3 29. Re3 Bxe4 30. Nxe4 Rexe4
31. Rdxd3 Kd7 32. Kf1 Rxd3 33. Rxe4 b3 34. axb3 Rxb3 35. Ra4
Rxb2 36. Rxa6 Ke6 37. Ra4 Kf5 38. Rh4 Rb1+ 39. Ke2 Rb2+
40. Ke3 Rb3+ 41. Ke2 Rb2+ 1/2-1/2

[Event "Chinese League"]
[Site "Chaongqing CHN"]
[Date "2011.08.11"]
[EventDate "2011.04.12"]
[Round "10"]
[Result "0-1"]
[White "Wang Shuai"]
[Black "Ding Liren"]
[WhiteElo "2424"]
[BlackElo "2637"]
[PlyCount "120"]

1. e4 c5 2. Nf3 e6 3. d4 cxd4 4. Nxd4 a6 5. Bd3 Nf6 6. O-O d6
7. c4 b6 8. Nc3 Bb7 9. Qe2 g6 10. f4 Bg7 11. f5 Qe7 12. Bg5
Nbd7 13. Nf3 O-O 14. Kh1 h6 15. Be3 exf5 16. exf5 g5 17. Bg1
Qxe2 18. Bxe2 g4 19. Nh4 Rfe8 20. Rad1 Bf8 21. Bd4 h5 22. Kg1
Re7 23. Rf2 Rae8 24. Bf1 Bh6 25. g3 Re1 26. Rxe1 Rxe1 27. Re2
Rc1 28. Kf2 Bf3 29. Re1 Rc2+ 30. Kg1 Ne5 31. Bg2 Bxg2 32. Bxe5
dxe5 33. Nxg2 Rxb2 34. Rxe5 Bf8 35. Re2 Rxe2 36. Nxe2 Kg7
37. Ngf4 Kh6 38. h4 gxh3 39. Nxh3 Ng4 40. Kg2 Ne3+ 41. Kf3
Nxc4 42. Nc3 b5 43. Ne4 Ne5+ 44. Ke3 Be7 45. Nf4 Nc4+ 46. Kd4
Nd6 47. f6 Bf8 48. Nd5 Nxe4 49. Kxe4 Bd6 50. Kf5 Bxg3 51. Nb4
h4 52. Kg4 a5 53. Nc6 a4 54. a3 Kg6 55. Nd4 b4 56. axb4 a3
57. b5 a2 58. Nb3 Kxf6 59. b6 Ke7 60. b7 Kd7 0-1

[Event "Chinese League"]
[Site "Chaongqing CHN"]
[Date "2011.08.12"]
[EventDate "2011.04.12"]
[Round "11"]
[Result "1-0"]
[White "Ding Liren"]
[Black "Wu Xibin"]
[WhiteElo "2637"]
[BlackElo "2360"]
[PlyCount "57"]

1. Nf3 c5 2. c4 Nc6 3. Nc3 g6 4. e3 Bg7 5. d4 cxd4 6. exd4 d6
7. Be2 e5 8. dxe5 dxe5 9. Qxd8+ Nxd8 10. Nb5 Kf8 11. Nc7 Rb8
12. Be3 Nc6 13. O-O-O Nge7 14. b4 Bg4 15. b5 Bxf3 16. Bxf3 Nd4
17. Rxd4 exd4 18. Bf4 d3 19. Ne6+ fxe6 20. Bxb8 b6 21. Rd1 Kf7
22. Bxa7 Bd4 23. Rxd3 Bxf2 24. Kb2 Rc8 25. Kb3 Nf5 26. a4 e5
27. a5 Nd4+ 28. Rxd4 Bxd4 29. Bxb6 1-0

[Event "World Cup"]
[Site "Khanty-Mansiysk RUS"]
[Date "2011.08.28"]
[EventDate "2011.08.28"]
[Round "1.1"]
[Result "1/2-1/2"]
[White "Wesley So"]
[Black "Ding Liren"]
[WhiteElo "2658"]
[BlackElo "2654"]
[PlyCount "81"]

1. d4 Nf6 2. c4 g6 3. Nc3 Bg7 4. e4 d6 5. Be2 O-O 6. Nf3 e5
7. O-O Nc6 8. d5 Ne7 9. Ne1 Nd7 10. Be3 f5 11. f3 f4 12. Bf2
g5 13. g4 h5 14. h3 Rf6 15. Nd3 Rh6 16. c5 Nxc5 17. Nxc5 dxc5
18. Bxc5 Ng6 19. Rc1 hxg4 20. hxg4 Rh3 21. Kg2 Rg3+ 22. Kf2
Nh4 23. Rg1 Rh3 24. Rh1 Rg3 25. Kf1 Bf8 26. Bf2 a6 27. Bxg3
fxg3 28. Rg1 Qf6 29. Rxg3 Qf4 30. Qe1 Bd6 31. Rc2 Bd7 32. Nd1
b6 33. Qf2 Bc5 34. Rxc5 bxc5 35. Ne3 Bb5 36. b3 Bxe2+ 37. Kxe2
a5 38. d6 cxd6 39. Nd5 Qc1 40. Qe3 Qxe3+ 41. Kxe3 1/2-1/2

[Event "World Cup"]
[Site "Khanty-Mansiysk RUS"]
[Date "2011.08.29"]
[EventDate "2011.08.28"]
[Round "1.2"]
[Result "1/2-1/2"]
[White "Ding Liren"]
[Black "Wesley So"]
[WhiteElo "2654"]
[BlackElo "2658"]
[PlyCount "65"]

1. Nf3 Nf6 2. c4 e6 3. d4 d5 4. Nc3 dxc4 5. e4 Bb4 6. Bg5 c5
7. Bxc4 cxd4 8. Nxd4 Qa5 9. Bd2 Qc5 10. Bb5+ Bd7 11. Nb3 Qc7
12. O-O Bxc3 13. Bxd7+ Qxd7 14. Bxc3 Nc6 15. Qe2 Qe7 16. f3
O-O 17. Qb5 Rfd8 18. Rfd1 Rac8 19. Rac1 Rxd1+ 20. Rxd1 Qc7
21. Be1 a6 22. Qc5 Rd8 23. Rc1 Rc8 24. Bg3 Qd8 25. Qd6 Qxd6
26. Bxd6 b6 27. a4 Ne8 28. Ba3 Rc7 29. Nd2 f6 30. Kf2 e5
31. b3 Kf7 32. Nc4 b5 33. axb5 1/2-1/2

[Event "World Cup"]
[Site "Khanty-Mansiysk RUS"]
[Date "2011.08.30"]
[EventDate "2011.08.28"]
[Round "1.3"]
[Result "1-0"]
[White "Wesley So"]
[Black "Ding Liren"]
[WhiteElo "2658"]
[BlackElo "2654"]
[PlyCount "91"]

1. d4 Nf6 2. c4 g6 3. Nc3 Bg7 4. e4 d6 5. f3 O-O 6. Be3 Nc6
7. Nge2 a6 8. Qd2 Rb8 9. Rc1 e6 10. g3 Ne7 11. b4 Nd7 12. Rd1
b5 13. cxb5 axb5 14. Nc1 c6 15. Nb3 Nb6 16. Na5 d5 17. Be2 Nc4
18. Nxc4 bxc4 19. a3 e5 20. dxe5 Bxe5 21. Bd4 Bxd4 22. Qxd4
Be6 23. Kf2 Qc7 24. Qc5 Qe5 25. Rc1 Nc8 26. Rhd1 Nb6 27. f4
Qg7 28. Qd4 Qxd4+ 29. Rxd4 Ra8 30. Ra1 dxe4 31. Nxe4 Bd5
32. Nc3 Be6 33. Ne4 Rfd8 34. Rxd8+ Rxd8 35. Nc5 Bd5 36. a4 Rb8
37. a5 Nc8 38. a6 Na7 39. Nb7 Nb5 40. Na5 Nd6 41. Bf3 Nc8
42. Nxc6 Bxc6 43. Bxc6 Rxb4 44. a7 Rb2+ 45. Ke3 Nxa7 46. Rxa7
1-0

[Event "World Cup"]
[Site "Khanty-Mansiysk RUS"]
[Date "2011.08.30"]
[EventDate "2011.08.28"]
[Round "1.4"]
[Result "1/2-1/2"]
[White "Ding Liren"]
[Black "Wesley So"]
[WhiteElo "2654"]
[BlackElo "2658"]
[PlyCount "80"]

1. d4 Nf6 2. c4 e6 3. Nf3 Bb4+ 4. Nbd2 O-O 5. a3 Be7 6. e4 d5
7. e5 Nfd7 8. Bd3 c5 9. h4 g6 10. h5 cxd4 11. Qc2 Nc5 12. Be2
Nc6 13. b4 d3 14. Bxd3 Nxd3+ 15. Qxd3 dxc4 16. Qxc4 Qd5
17. hxg6 fxg6 18. Qe2 Nd4 19. Nxd4 Qxd4 20. Rb1 Bd7 21. Rb3
Bc6 22. Rd3 Qf4 23. Nb3 Qe4 24. Qxe4 Bxe4 25. Rd7 Rf7 26. O-O
Bc6 27. Rc7 Bf8 28. Rxf7 Kxf7 29. Be3 Bd5 30. Nd4 a5 31. Rc1
axb4 32. axb4 Bxb4 33. Rc7+ Kg8 34. Bg5 Ba5 35. Re7 Bb4
36. Rc7 Ba5 37. Rd7 Bc3 38. Nc2 Bxe5 39. f4 Bg7 40. Nb4 Be4
1/2-1/2

[Event "Chinese Chess Championships"]
[Site "Xinghua CHN"]
[Date "2012.03.28"]
[EventDate "2012.03.27"]
[Round "2"]
[Result "1/2-1/2"]
[White "Yifan Hou"]
[Black "Ding Liren"]
[WhiteElo "2639"]
[BlackElo "2660"]
[PlyCount "111"]

1. e4 e6 2. d4 d5 3. Nc3 Nf6 4. e5 Nfd7 5. f4 c5 6. Nf3 Nc6
7. Be3 a6 8. Qd2 b5 9. a3 Qa5 10. Ra2 Qb6 11. g3 cxd4 12. Nxd4
Bc5 13. Nce2 a5 14. c3 a4 15. Bh3 Na5 16. Bf2 Nc4 17. Qc2 f6
18. Bxe6 fxe5 19. fxe5 Ndxe5 20. Bxc8 Rxc8 21. Qf5 Rb8 22. Nf4
g6 23. Qe6+ Qxe6 24. Ndxe6 Bxf2+ 25. Kxf2 Kf7 26. h3 Rhe8
27. Nc7 g5 28. Nxe8 Rxe8 29. Rd1 gxf4 30. gxf4 Nd7 31. Rxd5
Nf6 32. Rxb5 Re3 33. b3 Ne4+ 34. Kg2 Ncd2 35. Rb7+ Kg8
36. Rxd2 Nxd2 37. bxa4 Rxc3 38. f5 Ne4 39. a5 Rg3+ 40. Kh2
Rxa3 41. Ra7 Ra2+ 42. Kg1 Ng5 43. f6 Nxh3+ 44. Kh1 Nf2+
45. Kg1 Ne4 46. Rg7+ Kf8 47. Rxh7 Rxa5 48. Rh4 Nxf6 49. Kg2
Kf7 50. Rd4 Ke6 51. Kf3 Ra3+ 52. Ke2 Nd5 53. Rh4 Ke5 54. Rh8
Ke4 55. Re8+ Kd4 56. Rd8 1/2-1/2

[Event "Chinese Chess Championships"]
[Site "Xinghua CHN"]
[Date "2012.03.29"]
[EventDate "2012.03.27"]
[Round "3"]
[Result "1-0"]
[White "Ding Liren"]
[Black "Li Shilong"]
[WhiteElo "2660"]
[BlackElo "2549"]
[PlyCount "111"]

1. d4 Nf6 2. c4 e6 3. Nf3 b6 4. g3 Ba6 5. b3 Bb4+ 6. Bd2 Be7
7. Nc3 d5 8. cxd5 exd5 9. Bg2 O-O 10. O-O Bb7 11. Bc1 Nbd7
12. Bb2 Re8 13. Rc1 c5 14. Nh4 g6 15. Nf3 Rb8 16. e3 Bf8
17. Rc2 a6 18. Ne2 Rc8 19. Nf4 c4 20. Ne5 b5 21. bxc4 bxc4
22. Bc3 Bd6 23. Rb2 Ba8 24. Nxd7 Qxd7 25. Bh3 Qc6 26. Bxc8
Qxc8 27. Bb4 Bc7 28. Qa4 h5 29. Ba5 c3 30. Rc2 Bxf4 31. exf4
Bc6 32. Qb3 Bb5 33. Qxc3 Qxc3 34. Rxc3 Bxf1 35. Kxf1 Rb8
36. Rc6 Rb1+ 37. Kg2 Ne4 38. Rxa6 Rb2 39. Be1 Rb1 40. Kf1 Rd1
41. Ke2 Rc1 42. f3 Nc3+ 43. Kd2 Ra1 44. Kxc3 Rxe1 45. Ra8+ Kg7
46. a4 Rc1+ 47. Kb4 Rc4+ 48. Kb5 Rxd4 49. a5 Rd2 50. Rd8 d4
51. a6 Rb2+ 52. Kc6 Rc2+ 53. Kb7 Rb2+ 54. Ka8 Rd2 55. a7 d3
56. Kb7 1-0

[Event "Chinese Chess Championships"]
[Site "Xinghua CHN"]
[Date "2012.03.31"]
[EventDate "2012.03.27"]
[Round "5"]
[Result "1-0"]
[White "Ding Liren"]
[Black "Lu Shanglei"]
[WhiteElo "2660"]
[BlackElo "2514"]
[PlyCount "47"]

1. Nf3 Nf6 2. c4 e6 3. d4 d5 4. Nc3 dxc4 5. e4 Bb4 6. Bxc4
Nxe4 7. O-O Nxc3 8. bxc3 Be7 9. Ne5 O-O 10. Qg4 c5 11. Bh6 Bf6
12. Bd3 Re8 13. f4 g6 14. Bxg6 fxg6 15. Nxg6 hxg6 16. Qxg6+
Kh8 17. Bg5 Bxg5 18. fxg5 Re7 19. Qh6+ Kg8 20. g6 Nd7 21. Rf3
Nf8 22. Raf1 Nxg6 23. Rg3 Rg7 24. Rxg6 1-0

[Event "Chinese Chess Championships"]
[Site "Xinghua CHN"]
[Date "2012.04.02"]
[EventDate "2012.03.27"]
[Round "6"]
[Result "1/2-1/2"]
[White "Ding Liren"]
[Black "Liu Qingnan"]
[WhiteElo "2660"]
[BlackElo "2461"]
[PlyCount "148"]

1. d4 d6 2. Nf3 g6 3. c4 Bg7 4. Nc3 Bg4 5. e3 Nf6 6. h3 Bxf3
7. Qxf3 Nc6 8. g4 O-O 9. g5 Nh5 10. h4 e5 11. d5 Nb4 12. Qd1
f5 13. e4 Nf4 14. a3 Na6 15. b4 Nb8 16. Rg1 Nd7 17. Be3 Qe7
18. Rc1 a5 19. b5 b6 20. h5 gxh5 21. exf5 Rxf5 22. Ne4 Nc5
23. Bxc5 bxc5 24. Rc3 Qf7 25. Qf3 Rf8 26. Qh1 Qg6 27. Rcg3 Kh8
28. f3 R5f7 29. Qh4 h6 30. Kd1 hxg5 31. Rxg5 Qh7 32. Bd3 Bf6
33. Bc2 Bxg5 34. Nxg5 Qg7 35. Nxf7+ Qxf7 36. Rg5 Rg8 37. Be4
Rg7 38. Rxg7 Kxg7 39. Qg5+ Kf8 40. Qd8+ Kg7 41. Qg5+ Kf8
42. Qd8+ Kg7 43. b6 cxb6 44. Qxd6 Qf6 45. Qc7+ Kh6 46. d6 Ne6
47. Qxb6 Qd8 48. Qc6 Kg5 49. d7 Nf8 50. Qxc5 Qxd7+ 51. Ke2 Qg7
52. f4+ Kh4 53. fxe5 Ne6 54. Qf2+ Qg3 55. Qxg3+ Kxg3 56. Bd5
Nc7 57. e6 h4 58. e7 h3 59. Ke3 h2 60. Bf3 a4 61. c5 Ne8
62. Bh1 Nc7 63. c6 Ne8 64. Kd4 Kf4 65. Kc5 Ke5 66. Kb5 Kd6
67. Kxa4 Kxe7 68. Kb5 Kd8 69. Kb6 Kc8 70. a4 Nd6 71. a5 Nc4+
72. Kb5 Nd6+ 73. Kc5 Kc7 74. a6 Nc8 1/2-1/2

[Event "Chinese Chess Championships"]
[Site "Xinghua CHN"]
[Date "2012.04.03"]
[EventDate "2012.03.27"]
[Round "7"]
[Result "0-1"]
[White "Zhou Jianchao"]
[Black "Ding Liren"]
[WhiteElo "2625"]
[BlackElo "2660"]
[PlyCount "132"]

1. d4 Nf6 2. c4 g6 3. Nc3 Bg7 4. e4 d6 5. f3 O-O 6. Be3 Nc6
7. Nge2 a6 8. Qd2 Rb8 9. Rc1 e6 10. b3 Nd7 11. h4 h5 12. d5
Nce5 13. Nf4 Nf6 14. Be2 c5 15. dxe6 Bxe6 16. Rd1 Qa5 17. Na4
Qxd2+ 18. Rxd2 Rfd8 19. Nb6 Nc6 20. Kf2 Nd4 21. b4 Nd7
22. bxc5 dxc5 23. Rb1 Ne5 24. Nxe6 fxe6 25. f4 Nec6 26. e5 Bf8
27. g3 Kf7 28. Bd3 Ne7 29. Na4 Nef5 30. Bxf5 Nxf5 31. Rxd8
Rxd8 32. Rxb7+ Kg8 33. Nb2 Be7 34. Rb3 Kf7 35. Nd3 Rd7 36. Kf3
a5 37. a4 Rd4 38. Nb2 Rd7 39. Rb5 Bd8 40. Rb3 Be7 41. Rb5 Bd8
42. Bxc5 Rd2 43. Bf2 Rc2 44. c5 Rc3+ 45. Kg2 Ke8 46. Nd1 Rc4
47. Nb2 Rc3 48. Nd1 Rc4 49. Ne3 Rxa4 50. Nxf5 gxf5 51. c6 Rc4
52. Bc5 a4 53. Kf1 Rc3 54. Bb6 Rb3 55. Rc5 Rxb6 56. c7 Bxc7
57. Rxc7 Ra6 58. Rc2 a3 59. Ra2 Kd7 60. Ke2 Kc6 61. Kd2 Kd5
62. Kd3 Ra8 63. Kc2 Ke4 64. Kb1 Kf3 65. Rd2 Kxg3 66. Rd6 Re8
0-1

[Event "Chinese Chess Championships"]
[Site "Xinghua CHN"]
[Date "2012.04.04"]
[EventDate "2012.03.27"]
[Round "8"]
[Result "1/2-1/2"]
[White "Ding Liren"]
[Black "Zhao Jun"]
[WhiteElo "2660"]
[BlackElo "2583"]
[PlyCount "124"]

1. d4 Nf6 2. c4 g6 3. Nc3 Bg7 4. e4 d6 5. Nf3 O-O 6. Be2 e5
7. O-O Na6 8. Be3 Ng4 9. Bg5 Qe8 10. h3 f6 11. Bc1 Nh6 12. Rb1
Nf7 13. b4 exd4 14. Nxd4 c5 15. bxc5 Nxc5 16. Ba3 b6 17. Nd5
Rb8 18. Re1 Bd7 19. Nb5 Rb7 20. Bf1 Qd8 21. Bb2 a6 22. Nd4 Re8
23. f3 Ne5 24. Ba1 Kh8 25. Qd2 Nc6 26. Nb3 Be6 27. Red1 Rd7
28. Nxc5 dxc5 29. Qb2 f5 30. Qxb6 Bxa1 31. Qxd8 Rdxd8 32. Rxa1
fxe4 33. Nf6 exf3 34. Nxe8 Rxe8 35. Rd6 Nd4 36. Re1 a5 37. Re5
Kg7 38. Rxc5 fxg2 39. Bxg2 Ne2+ 40. Kh2 Bf5 41. Rxa5 Re3
42. Rd2 Nf4 43. h4 Rc3 44. c5 Kh6 45. Ra4 Nd3 46. c6 Ne5
47. Rd5 Ng4+ 48. Rxg4 Bxg4 49. a4 Rc4 50. a5 Rxc6 51. Rd4 Ra6
52. Rxg4 Rxa5 53. Bf3 Ra7 54. Kg3 Rc7 55. Rg5 Ra7 56. Rc5 Rd7
57. Be4 Re7 58. Kf4 Rf7+ 59. Ke3 Re7 60. Kf4 Rf7+ 61. Kg4 Re7
62. Bd5 Re5 1/2-1/2

[Event "Chinese Chess Championships"]
[Site "Xinghua CHN"]
[Date "2012.04.05"]
[EventDate "2012.03.27"]
[Round "9"]
[Result "1/2-1/2"]
[White "Yu Yangyi"]
[Black "Ding Liren"]
[WhiteElo "2615"]
[BlackElo "2660"]
[PlyCount "53"]

1. e4 e6 2. d4 d5 3. Nc3 Nf6 4. e5 Nfd7 5. f4 c5 6. Nf3 Nc6
7. Be3 a6 8. Qd2 b5 9. a3 Qa5 10. Be2 b4 11. Nd1 Rb8 12. O-O
bxa3 13. Qxa5 Nxa5 14. dxc5 axb2 15. Nxb2 Rxb2 16. Rxa5 Rxc2
17. Bxa6 Bxc5 18. Bxc5 Rxc5 19. Rxc5 Nxc5 20. Bxc8 O-O 21. Rc1
Rxc8 22. Nd4 Rc7 23. Nb5 Rc8 24. Na7 Rc7 25. Nb5 Rc8 26. Na7
Rc7 27. Nb5 1/2-1/2

[Event "Chinese Chess Championships"]
[Site "Xinghua CHN"]
[Date "2012.04.06"]
[EventDate "2012.03.27"]
[Round "10"]
[Result "1/2-1/2"]
[White "Ding Liren"]
[Black "Bu Xiangzhi"]
[WhiteElo "2660"]
[BlackElo "2668"]
[PlyCount "59"]

1. d4 d5 2. c4 c6 3. Nf3 Nf6 4. Nc3 a6 5. a4 e6 6. Bg5 Be7
7. e3 a5 8. Be2 O-O 9. O-O Na6 10. Qb3 Nb4 11. Na2 dxc4
12. Qxc4 Nxa2 13. Qxa2 Nd5 14. Bxe7 Qxe7 15. Ne5 Nb4 16. Qb3
b6 17. Rfc1 Bb7 18. Bf3 Rfc8 19. Nc4 Qd8 20. Rc3 Rab8 21. Rd1
Ba6 22. e4 Bxc4 23. Rxc4 Qe7 24. e5 c5 25. Qc3 g6 26. g3 Kg7
27. h4 h5 28. b3 cxd4 29. Rdxd4 Rxc4 30. bxc4 1/2-1/2

[Event "Chinese Chess Championships"]
[Site "Xinghua CHN"]
[Date "2012.04.07"]
[EventDate "2012.03.27"]
[Round "11"]
[Result "1/2-1/2"]
[White "Ni Hua"]
[Black "Ding Liren"]
[WhiteElo "2637"]
[BlackElo "2660"]
[PlyCount "62"]

1. e4 e6 2. d4 d5 3. Nc3 Nf6 4. Bg5 dxe4 5. Nxe4 Nbd7 6. Nf3
h6 7. Nxf6+ Nxf6 8. Bh4 c5 9. Bc4 cxd4 10. O-O Be7 11. Qe2 O-O
12. Rad1 Qb6 13. Nxd4 Qxb2 14. Nf5 exf5 15. Qxe7 Be6 16. Bxe6
fxe6 17. Qxe6+ Kh8 18. Qxf5 Rac8 19. Rc1 Qd4 20. Bg3 Ne4
21. Be5 Rxf5 22. Bxd4 Nc3 23. Rfe1 Rf7 24. Bxc3 Rxc3 25. Re3
Rc4 26. Kf1 Rfc7 27. c3 b5 28. a3 a5 29. Rb1 R7c5 30. Ke2 Rxc3
31. Rxc3 Rxc3 1/2-1/2

[Event "Chinese League"]
[Site "Beijing CHN"]
[Date "2012.04.28"]
[EventDate "2012.04.28"]
[Round "1"]
[Result "1/2-1/2"]
[White "Ding Liren"]
[Black "Lin Chen"]
[WhiteElo "2660"]
[BlackElo "2446"]
[PlyCount "83"]

1. d4 d5 2. c4 e5 3. dxe5 d4 4. Nf3 Nc6 5. a3 Bg4 6. Nbd2 Qe7
7. h3 Bh5 8. g3 O-O-O 9. Bg2 Nxe5 10. Nxe5 Qxe5 11. Nf3 Bxf3
12. Bxf3 d3 13. Bf4 Qd4 14. O-O Nf6 15. e3 Qd7 16. Qb3 c6
17. Qa4 Bd6 18. Bxd6 Qxd6 19. Qxa7 Rhe8 20. b4 Ne4 21. b5 f5
22. bxc6 Qxc6 23. Qa8+ Kd7 24. Qa5 g6 25. Rfd1 Kc8 26. Rab1
Qa6 27. Qb4 Rd7 28. c5 Kb8 29. Bxe4 Rxe4 30. Qc3 Rc4 31. Qe5+
Ka7 32. Qe8 Qc6 33. Rb6 Qa4 34. Rd2 Rc1+ 35. Kg2 Qe4+ 36. Qxe4
fxe4 37. Rb4 Rc2 38. Rd1 Rf7 39. Rf1 Rd7 40. Rd1 Rf7 41. Rf1
Rd7 42. Rd1 1/2-1/2

[Event "Chinese League"]
[Site "Beijing CHN"]
[Date "2012.04.29"]
[EventDate "2012.04.28"]
[Round "2"]
[Result "1-0"]
[White "Ding Liren"]
[Black "Gao Rui"]
[WhiteElo "2660"]
[BlackElo "2417"]
[PlyCount "89"]

1. Nf3 c5 2. c4 Nf6 3. Nc3 Nc6 4. g3 d5 5. cxd5 Nxd5 6. Bg2 g6
7. h4 Bg7 8. h5 Nxc3 9. dxc3 Qxd1+ 10. Kxd1 O-O 11. h6 Bh8
12. Ng5 Bd7 13. Be3 b6 14. Kc2 Rac8 15. Rad1 Rfd8 16. Bd5 e6
17. Be4 Na5 18. g4 Nc4 19. Bf4 Be5 20. e3 Bxf4 21. exf4 f6
22. Nf3 Be8 23. g5 Nd6 24. Nd2 Bb5 25. Bg2 fxg5 26. Bh3 Nf5
27. fxg5 Bd3+ 28. Kc1 Rd6 29. Nf3 Rcd8 30. Ne5 c4 31. Ng4 Kf7
32. Bg2 Kg8 33. Rde1 Kh8 34. Re5 Ne7 35. Rhe1 Bf5 36. Ne3 Bd3
37. Bh3 Nc6 38. Rxe6 Rxe6 39. Bxe6 Ne5 40. f4 Nf3 41. Rd1 b5
42. Bd5 Re8 43. Ng4 Be2 44. Bxf3 Bxd1 45. Kxd1 1-0

[Event "Chinese League"]
[Site "Beijing CHN"]
[Date "2012.04.30"]
[EventDate "2012.04.28"]
[Round "3"]
[Result "1/2-1/2"]
[White "Qun Ma"]
[Black "Ding Liren"]
[WhiteElo "2481"]
[BlackElo "2660"]
[PlyCount "59"]

1. e4 c6 2. d4 d5 3. Nd2 dxe4 4. Nxe4 Nd7 5. Nf3 Ngf6 6. Nxf6+
Nxf6 7. Ne5 Nd7 8. Nxd7 Bxd7 9. Bc4 Bf5 10. c3 e6 11. Bf4 Bd6
12. Qf3 O-O 13. Bxd6 Qxd6 14. O-O Rfd8 15. Rfe1 b5 16. Bd3
Bxd3 17. Qxd3 c5 18. Qxb5 cxd4 19. cxd4 Qxd4 20. Qe2 Qd2
21. Rac1 Qa5 22. Qc4 Rd2 23. Red1 Rad8 24. Rxd2 Qxd2 25. Rb1
g6 26. g3 Rd5 27. Qc1 a5 28. Qxd2 Rxd2 29. a3 a4 30. b3
1/2-1/2

[Event "Asian Continental Chess Championship"]
[Site "Ho Chi Minh VIE"]
[Date "2012.05.05"]
[EventDate "2012.05.05"]
[Round "1"]
[Result "0-1"]
[White "Kirill Kuderinov"]
[Black "Ding Liren"]
[WhiteElo "2493"]
[BlackElo "2679"]
[PlyCount "68"]

1. d4 Nf6 2. Nf3 g6 3. g3 Bg7 4. Bg2 O-O 5. O-O d6 6. Nc3 d5
7. Bf4 c6 8. Qd2 Bf5 9. Ne5 Nbd7 10. Rad1 Re8 11. Nxd7 Nxd7
12. e4 dxe4 13. Bxe4 Bg4 14. Rb1 e5 15. dxe5 Nxe5 16. Qxd8
Raxd8 17. Kg2 f5 18. Bxe5 fxe4 19. Bxg7 Kxg7 20. Nd1 Be2
21. Re1 Rd2 22. Ne3 Rf8 23. Rbc1 g5 24. Kg1 h5 25. h3 Rf3
26. Kg2 h4 27. gxh4 gxh4 28. a4 Kg6 29. b4 Kg5 30. c4 Bd3
31. Ng4 Kf4 32. c5 Rg3+ 33. Kh2 e3 34. Red1 Be4 0-1